000 00796nam a2200217 4500
001 174512
003 ES-MaACL
005 20230906215543.0
008 100430s1973 sp f |||| | spa d
020 _a84-500-5785-X
080 _a711(468.11 S.)(04)
245 0 0 _aAspectos del urbanismo sevillano.
260 _aSevilla :
_bReal Academia de Bellas Artes de Santa Isabel de Hungría,
_c1973.
300 _a152 p., [28] p. de lám. ;
_c25 cm.
490 1 _aPublicaciones del Patronato "José María Cuadrado" del C.S.I.C.
650 4 _aUrbanismo-
_zSevilla.
_9142648
710 2 _aReal Academia de Bellas Artes de Santa Isabel de Hungría.
_96295
830 1 _aPublicaciones del Patronato "José María Cuadrado" del C.S.I.C.
_9189434
852 4 _a BA
_jC-57183
999 _c174512
_d174512